000 00352nam a2200133 i 4500
001 bg
245 0 _aBadania doświadczalne chłodni kominowych i kominów przemysłowych w ośrodku opolskim.
260 _aOpole,
_c1980.
040 _cBPK
041 _apol
080 _a624::725.4(061.3)
942 _cKS
008 s pl f |000 0 pol
999 _c20578
_d20578
856 _uhttp://koha.tu.koszalin.pl/cgi-bin/koha/opac-detail.pl?biblionumber=20578
_yKatalog online BPK